000 00498nam a2200205Ia 4500
003 OSt
005 20251031150328.0
008 210210b1978 xxu||||| |||| 00| 0 eng d
040 _cAL
041 _aEnglish
082 _a820.33 KARC
100 _aKARANTH (K Shivarama)
_9181744
245 _aChomas drum
260 _aDelhi
_bHind Pocket Books
_c1978
300 _a121
650 _aChomana dudi
_9181745
690 _aIndian English Fiction
_9181746
906 _aSG01556
942 _2ddc
_cBK
999 _c112775
_d112775